[Event "Reykjavik CC GM 2013"]
[Site "Reykjavik ISL"]
[Date "2013.10.01"]
[Round "1"]
[White "Ziska,H"]
[Black "Danielsen,Hen"]
[Result "0-1"]
[WhiteElo "2485"]
[BlackElo "2501"]
[EventDate "2013.10.01"]

1. e4 d6 2. d4 Nf6 3. Nc3 g6 4. Be3 a6 5. a4 Bg7 6. h3 O-O 7. g3 e5 8. Bg2
exd4 9. Bxd4 Nc6 10. Be3 Re8 11. Nge2 Bd7 12. O-O Rb8 13. Nd4 Qc8 14. g4 h5
15. f3 hxg4 16. hxg4 Ne5 17. b3 b5 18. axb5 axb5 19. Nde2 b4 20. Nb1 Bb5
21. c4 bxc3 22. Nbxc3 Ba6 23. Ra2 Nd3 24. Rd2 Nc5 25. g5 Nh5 26. Re1 Nxb3
27. Rc2 Nc5 28. Nd5 Qb7 29. Bxc5 dxc5 30. e5 c6 31. Nf6+ Bxf6 32. exf6 Qb4
33. Rd2 Qh4 34. Rd7 Bxe2 35. Rxe2 Rxe2 36. Qxe2 Rb1+ 37. Rd1 Rxd1+ 38. Qxd1
Qxg5 0-1

[Event "Reykjavik CC GM 2013"]
[Site "Reykjavik ISL"]
[Date "2013.10.01"]
[Round "1"]
[White "Fedorchuk,S"]
[Black "Gunnarsson,Arn"]
[Result "1-0"]
[WhiteElo "2656"]
[BlackElo "2441"]
[EventDate "2013.10.01"]

1. e4 e5 2. Nf3 Nc6 3. Bc4 Bc5 4. d3 Nf6 5. O-O O-O 6. Bg5 h6 7. Bh4 d6 8.
c3 Be6 9. Bb5 Ne7 10. d4 Bb6 11. Bxf6 gxf6 12. Nh4 Kh7 13. d5 Bc8 14. Qf3
c6 15. dxc6 bxc6 16. Ba4 Kg7 17. Na3 Be6 18. Nc2 d5 19. Rad1 Qc8 20. Kh1
Rg8 21. Bb3 Bg4 22. Qg3 Kh7 23. f3 Be6 24. Qe1 Qc7 25. Ne3 d4 26. Ng4 Bxg4
27. fxg4 Qd6 28. h3 Kg7 29. Rd3 Rgf8 30. Rdf3 f5 31. Rxf5 f6 32. Qg3 d3 33.
Rh5 Kh7 34. Nf5 Nxf5 35. gxf5 Rg8 36. Bxg8+ Rxg8 37. Rxh6+ 1-0

[Event "Reykjavik CC GM 2013"]
[Site "Reykjavik ISL"]
[Date "2013.10.01"]
[Round "1"]
[White "Kjartansson,G"]
[Black "Bekker Jensen,S"]
[Result "0-1"]
[WhiteElo "2447"]
[BlackElo "2420"]
[EventDate "2013.10.01"]

1. d4 Nf6 2. c4 g6 3. Nf3 Bg7 4. g3 O-O 5. Bg2 d6 6. Nc3 Nc6 7. O-O Bf5 8.
d5 Na5 9. Nd2 c5 10. e4 Bd7 11. Qc2 e5 12. a3 b6 13. b4 Nb7 14. Bb2 Ng4 15.
h3 Nh6 16. Ne2 f5 17. f4 Qe7 18. Rae1 Rae8 19. Kh2 cxb4 20. axb4 a5 21.
fxe5 Bxe5 22. bxa5 bxa5 23. Bxe5 Qxe5 24. Nf3 Qxe4 25. Qc1 Qe3 26. Qa1 Qe7
27. Nf4 Qg7 28. Qb1 Nc5 29. Ng5 Ng4+ 30. hxg4 Qh6+ 31. Nfh3 fxg4 32. Rxe8
Bxe8 33. Rxf8+ Qxf8 34. Nxh7 Kxh7 35. Nf4 Qe7 36. Qb2 a4 37. Qc3 Bd7 38.
Nd3 Qg7 39. Qd2 Qh6+ 40. Qxh6+ Kxh6 41. Nxc5 dxc5 42. Be4 Kg5 43. Bc2 Kf6
44. Kg2 a3 45. Bb1 Bf5 46. Ba2 Ke5 47. Kf2 Kd4 48. d6 Kc3 49. Bb1 Bd7 0-1

[Event "Reykjavik CC GM 2013"]
[Site "Reykjavik ISL"]
[Date "2013.10.02"]
[Round "2"]
[White "Thorfinnsson,Br"]
[Black "Oleksienko,M"]
[Result "0-1"]
[WhiteElo "2483"]
[BlackElo "2608"]
[EventDate "2013.10.01"]

1. d4 d5 2. c4 c6 3. Nf3 Nf6 4. Nc3 a6 5. a4 e6 6. Bg5 a5 7. e3 Be7 8. Be2
O-O 9. O-O Na6 10. Ne5 Nd7 11. Bxe7 Qxe7 12. Nxd7 Bxd7 13. Ra3 Rfd8 14. Re1
Nb4 15. Qb1 h6 16. Rb3 dxc4 17. Bxc4 c5 18. d5 exd5 19. Nxd5 Qd6 20. Nxb4
cxb4 21. Rd3 Qc7 22. Qa2 Bxa4 23. Qxa4 Qxc4 24. Rxd8+ Rxd8 25. Qxa5 Rd2 26.
Qa8+ Kh7 27. g3 Rxb2 28. Qxb7 b3 29. Kg2 Rc2 30. Rb1 Rxf2+ 31. Kg1 Rc2 0-1

[Event "Reykjavik CC GM 2013"]
[Site "Reykjavik ISL"]
[Date "2013.10.02"]
[Round "2"]
[White "Bekker Jensen,S"]
[Black "Bjornsson,Si"]
[Result "1/2-1/2"]
[WhiteElo "2420"]
[BlackElo "2395"]
[EventDate "2013.10.01"]

1. d4 d5 2. c4 e6 3. Nc3 c6 4. Nf3 dxc4 5. a4 Bb4 6. e3 b5 7. Bd2 a5 8.
axb5 Bxc3 9. Bxc3 cxb5 10. b3 Bb7 11. bxc4 b4 12. Bb2 Nf6 13. c5 O-O 14.
Bb5 Bc6 15. Ba4 Qd5 16. O-O Bxa4 17. Qxa4 Nc6 18. Rfd1 Rfc8 19. Ne5 Ne8 20.
Nxc6 Rxc6 21. f3 f5 22. Re1 Nf6 23. Qc2 b3 24. Qc3 a4 25. e4 Qd7 26. Qc4
fxe4 27. fxe4 Rcc8 28. Ba3 Rd8 29. Rad1 Qc6 30. Qd3 Rab8 31. Rd2 Rd7 32. h3
1/2-1/2

[Event "Reykjavik CC GM 2013"]
[Site "Reykjavik ISL"]
[Date "2013.10.02"]
[Round "2"]
[White "Olafsson,Thorv"]
[Black "Ziska,H"]
[Result "0-1"]
[WhiteElo "2266"]
[BlackElo "2485"]
[EventDate "2013.10.01"]

1. d4 Nf6 2. c4 g6 3. g3 Bg7 4. Bg2 O-O 5. Nc3 d6 6. Nf3 Nc6 7. O-O Bg4 8.
h3 Bxf3 9. Bxf3 Nd7 10. e3 e5 11. Ne2 Qf6 12. Kg2 Qe7 13. Bxc6 bxc6 14. Qc2
c5 15. dxc5 Nxc5 16. b4 Ne6 17. Nc3 c6 18. Rb1 Qd7 19. h4 f5 20. Qd3 a6 21.
Rd1 Rad8 22. b5 axb5 23. cxb5 d5 24. bxc6 Qxc6 25. Nxd5 Nd4 26. e4 Kh8 27.
Ne7 Qa8 28. Bg5 fxe4 29. Qe3 Rf3 30. Qc1 e3 31. fxe3 Rf2+ 0-1

[Event "Reykjavik CC GM 2013"]
[Site "Reykjavik ISL"]
[Date "2013.10.03"]
[Round "3"]
[White "Ziska,H"]
[Black "Thorfinnsson,Br"]
[Result "1/2-1/2"]
[WhiteElo "2485"]
[BlackElo "2483"]
[EventDate "2013.10.01"]

1. e4 e5 2. Nf3 Nc6 3. Bc4 Nf6 4. d3 h6 5. O-O d6 6. c3 g6 7. Re1 Bg7 8. d4
O-O 9. dxe5 Nxe5 10. Nxe5 dxe5 11. Qxd8 Rxd8 12. Nd2 Nd7 13. Nb3 1/2-1/2

[Event "Reykjavik CC GM 2013"]
[Site "Reykjavik ISL"]
[Date "2013.10.03"]
[Round "3"]
[White "Fedorchuk,S"]
[Black "Olafsson,Thorv"]
[Result "1-0"]
[WhiteElo "2656"]
[BlackElo "2266"]
[EventDate "2013.10.01"]

1. e4 e5 2. Nf3 Nc6 3. Bb5 a6 4. Ba4 Nf6 5. O-O Be7 6. d3 b5 7. Bb3 d6 8.
c3 O-O 9. Re1 Na5 10. Bc2 c5 11. Nbd2 Qc7 12. Nf1 Nc6 13. Ne3 Be6 14. Ng5
h6 15. Nxe6 fxe6 16. Qf3 Rae8 17. Qh3 Bd8 18. Bd2 Qf7 19. Rf1 Qh5 20. Qxh5
Nxh5 21. a4 Bb6 22. axb5 axb5 23. Ra6 Rb8 24. Bb3 Nf4 25. g3 Na5 26. Bc2
Nh3+ 27. Kg2 Ng5 28. f4 exf4 29. gxf4 Nh7 30. f5 d5 31. fxe6 Rxf1 32. Kxf1
dxe4 33. Nd5 1-0

[Event "Reykjavik CC GM 2013"]
[Site "Reykjavik ISL"]
[Date "2013.10.03"]
[Round "3"]
[White "Kjartansson,G"]
[Black "Danielsen,Hen"]
[Result "1-0"]
[WhiteElo "2447"]
[BlackElo "2501"]
[EventDate "2013.10.01"]

1. d4 Nf6 2. c4 d6 3. Nf3 g6 4. g3 Bg7 5. Bg2 O-O 6. Nc3 c6 7. O-O Bf5 8.
Ne1 d5 9. b3 Qa5 10. Bd2 Qa6 11. cxd5 cxd5 12. e3 e6 13. h3 Nc6 14. g4 Bd3
15. Nxd3 Qxd3 16. Qe2 Qxe2 17. Nxe2 Rfc8 18. Rfc1 Bf8 19. a3 a6 20. Nc3 Nd7
21. Kf1 Nb6 22. Bf3 Rc7 23. Bd1 Rac8 24. Ne2 Bd6 25. Bc3 Na7 26. Bb2 Nb5
27. Rxc7 Rxc7 28. Ke1 Kf8 29. Kd2 Ke8 30. Bc2 Na7 31. Bd3 Be7 32. f3 Nc6
33. Rh1 Na5 34. Nc1 Kf8 35. Rf1 Nc8 36. Rg1 Nd6 37. Bc3 Nc6 38. Bb2 Rc8 39.
Ne2 Na5 40. Nc1 b5 41. Bc3 Nc6 42. Na2 Nb7 43. Rc1 Bxa3 44. Bb4+ Bxb4+ 45.
Nxb4 Nba5 46. Rc3 Na7 47. Rxc8+ Nxc8 48. Kc3 Nd6 49. Nxa6 Nc6 50. e4 e5 51.
dxe5 b4+ 52. Nxb4 d4+ 53. Kd2 Nxe4+ 54. Bxe4 Nxb4 55. Kc1 Ke7 56. Kb2 Ke6
57. Ka3 Na6 58. f4 Nc5 59. Bb1 Kd5 60. b4 Ne6 61. f5 gxf5 62. gxf5 Nd8 63.
e6 fxe6 64. fxe6 Nxe6 65. Bxh7 Nf4 66. h4 1-0

[Event "Reykjavik CC GM 2013"]
[Site "Reykjavik ISL"]
[Date "2013.10.03"]
[Round "3"]
[White "Oleksienko,M"]
[Black "Bekker Jensen,S"]
[Result "1-0"]
[WhiteElo "2608"]
[BlackElo "2420"]
[EventDate "2013.10.01"]

1. e4 c5 2. Nf3 d6 3. d4 Nf6 4. dxc5 Nxe4 5. cxd6 Nc6 6. dxe7 Qxd1+ 7. Kxd1
Bxe7 8. Be3 Bg4 9. Nbd2 O-O-O 10. Kc1 Nd6 11. h3 Be6 12. a3 Bf6 13. Bd3 h6
14. Bf4 Nf5 15. Ne4 Be7 16. Rd1 g5 17. Bh2 Nfd4 18. Nxd4 Rxd4 19. b4 Rhd8
20. Re1 Bc4 21. Bxc4 Rxc4 22. Nd2 Rcd4 23. b5 Bd6 24. Bxd6 R4xd6 25. Ne4
Re6 26. bxc6 f5 27. cxb7+ Kb8 28. Rd1 Rxd1+ 29. Kxd1 fxe4 30. Rb1 Rf6 31.
Ke2 Rc6 32. Kd2 Rf6 33. Ke3 Rc6 34. Rb2 Rc4 35. g3 h5 36. Rb5 g4 37. Rxh5
gxh3 38. Rxh3 Rxc2 39. Rh7 Ra2 40. g4 Rxa3+ 41. Kxe4 Ra4+ 42. Kf5 Ra5+ 43.
Kf4 Ra4+ 44. Kg3 a5 45. g5 Ra1 46. Kh2 Ra2 47. Rf7 1-0

[Event "Reykjavik CC GM 2013"]
[Site "Reykjavik ISL"]
[Date "2013.10.04"]
[Round "4"]
[White "Thorfinnsson,Br"]
[Black "Bekker Jensen,S"]
[Result "1/2-1/2"]
[WhiteElo "2483"]
[BlackElo "2420"]
[EventDate "2013.10.01"]

1. d4 Nf6 2. c4 g6 3. Nc3 Bg7 4. e4 d6 5. Be2 O-O 6. Bg5 Na6 7. f4 c6 8.
Qd2 Nc7 9. Bf3 Ne6 10. Bh4 c5 11. dxc5 Nxc5 12. Rd1 Be6 13. b3 a5 14. Nge2
a4 15. Nd4 axb3 16. axb3 Qa5 17. O-O Rfe8 18. f5 Bd7 19. Bf2 Bc6 20. Nxc6
bxc6 21. e5 dxe5 22. Bxc6 Nxb3 23. Qe1 gxf5 24. Nd5 Qxe1 25. Rfxe1 Nxd5 26.
cxd5 Kf8 27. Rd3 Nd4 28. Bxd4 exd4 29. Rf3 Bh6 30. Rxf5 Be3+ 31. Kf1 Ra6
32. Bxe8 Kxe8 33. g4 h6 34. Re5 Rf6+ 35. Kg2 Rf2+ 36. Kg3 Rf6 37. R1xe3
dxe3 38. Rxe3 Rd6 39. Re5 Kf8 40. h3 1/2-1/2

[Event "Reykjavik CC GM 2013"]
[Site "Reykjavik ISL"]
[Date "2013.10.04"]
[Round "4"]
[White "Olafsson,Thorv"]
[Black "Kjartansson,G"]
[Result "0-1"]
[WhiteElo "2266"]
[BlackElo "2447"]
[EventDate "2013.10.01"]

1. Nf3 Nf6 2. g3 b5 3. Bg2 Bb7 4. O-O e6 5. d3 d5 6. Nbd2 Be7 7. e4 c5 8.
Qe2 Qb6 9. Ne5 O-O 10. Kh1 Re8 11. f4 a5 12. g4 dxe4 13. dxe4 Nfd7 14. Ndf3
Nf8 15. g5 Nc6 16. Nxc6 Qxc6 17. Ne5 Qc7 18. Qh5 Bd6 19. Ng4 Ng6 20. e5
Bxg2+ 21. Kxg2 Qc6+ 22. Rf3 Be7 23. Kf2 Qe4 24. Be3 Qxc2+ 25. Kg1 Rad8 26.
Rh3 Rd1+ 27. Rxd1 Qxd1+ 28. Kf2 Qc2+ 29. Kg3 Nf8 30. Nf6+ gxf6 31. gxf6
Qg6+ 32. Qxg6+ Nxg6 33. fxe7 c4 34. Bc5 Nxe7 35. Bxe7 Rxe7 36. f5 Rd7 37.
Kf4 Rd2 38. Kg5 Rf2 39. fxe6 fxe6 40. b3 Rf5+ 41. Kh6 Rxe5 42. bxc4 bxc4
43. Rc3 Rc5 44. h4 Kf7 45. h5 Kf6 46. a4 Rc7 47. Rc2 c3 48. Rc1 c2 49. Rd1
c1=Q+ 0-1

[Event "Reykjavik CC GM 2013"]
[Site "Reykjavik ISL"]
[Date "2013.10.05"]
[Round "5"]
[White "Fedorchuk,S"]
[Black "Thorfinnsson,Br"]
[Result "1-0"]
[WhiteElo "2656"]
[BlackElo "2483"]
[EventDate "2013.10.01"]

1. e4 c5 2. Nf3 d6 3. d4 cxd4 4. Nxd4 Nf6 5. Nc3 Nc6 6. Bg5 e6 7. Qd2 a6 8.
O-O-O Bd7 9. f4 b5 10. Bxf6 gxf6 11. Kb1 Qb6 12. Nxc6 Bxc6 13. Bd3 b4 14.
Ne2 h5 15. Rhf1 Rd8 16. Qe1 a5 17. Qh4 Be7 18. f5 e5 19. Ng3 a4 20. Nxh5
Kf8 21. Rf3 Qd4 22. Rg3 Ke8 23. Nxf6+ Bxf6 24. Qxf6 Rf8 25. Be2 Qc5 26.
Rgd3 Bxe4 27. Rxd6 Rxd6 28. Bb5+ 1-0

[Event "Reykjavik CC GM 2013"]
[Site "Reykjavik ISL"]
[Date "2013.10.05"]
[Round "5"]
[White "Bjornsson,Si"]
[Black "Olafsson,Thorv"]
[Result "1-0"]
[WhiteElo "2395"]
[BlackElo "2266"]
[EventDate "2013.10.01"]

1. e4 e5 2. Nf3 Nc6 3. Bb5 Bb4 4. O-O Nge7 5. c3 Ba5 6. d3 O-O 7. b4 Bb6 8.
Bxc6 bxc6 9. Nxe5 d5 10. exd5 Qxd5 11. Re1 c5 12. bxc5 Bxc5 13. d4 Bb7 14.
Nf3 Bd6 15. Nbd2 Qh5 16. Ne5 Qxd1 17. Rxd1 Bxe5 18. dxe5 Ng6 19. Nb3 Nxe5
20. Bf4 Rfe8 21. Re1 Nd3 22. Rxe8+ Rxe8 23. Bxc7 Re2 24. f3 h6 25. Bb8 Rc2
26. Rd1 Rxc3 27. Bxa7 Bd5 28. Nc5 Nxc5 29. Rxd5 Nd3 30. h3 Ra3 31. Be3 Ne1
32. Bd2 Nc2 33. Ra5 Rd3 34. Bf4 Rd4 35. Be5 Rd1+ 36. Kh2 Rd2 37. Bc3 Re2
38. Re5 Ne3 39. Bd4 Rxg2+ 40. Kh1 Rxa2 41. Rxe3 Kh7 42. Rb3 Rd2 43. Be3 Re2
44. Kg1 Kg6 45. Bf2 Rc2 46. Kg2 Re2 47. Kg3 Rc2 48. Rb5 Rc4 49. h4 Kh7 50.
Rd5 Rb4 51. Bd4 Rb7 52. h5 Rc7 53. Kf4 Re7 54. Be5 Rb7 55. Kf5 Ra7 56. Rc5
Ra4 57. f4 Ra2 58. Rc7 Kg8 59. Rc3 Ra5 60. Kg4 Kh7 61. Kh4 Ra4 62. Rd3 Rb4
63. Ra3 Rb7 64. Rg3 f6 65. Bd4 Rb4 66. Rd3 Rb1 67. Kg4 Rh1 68. Rc3 f5+ 69.
Kxf5 Rxh5+ 70. Ke6 Rh2 71. Rg3 g6 72. f5 Re2+ 73. Be5 1-0

[Event "Reykjavik CC GM 2013"]
[Site "Reykjavik ISL"]
[Date "2013.10.05"]
[Round "5"]
[White "Oleksienko,M"]
[Black "Danielsen,Hen"]
[Result "1-0"]
[WhiteElo "2608"]
[BlackElo "2501"]
[EventDate "2013.10.01"]

1. e4 d6 2. d4 Nf6 3. Nc3 g6 4. f4 Bg7 5. Nf3 O-O 6. Bd3 Nc6 7. e5 dxe5 8.
fxe5 Nh5 9. Be3 Bg4 10. Be2 f6 11. exf6 exf6 12. O-O f5 13. Qd2 Qd6 14. Nb5
Qd7 15. Rad1 a6 16. Nc3 Qd6 17. Rfe1 Rae8 18. h3 f4 19. Bf2 Bf5 20. Bc4+
Kh8 21. Ng5 Re7 22. d5 Rxe1+ 23. Qxe1 Ne5 24. Ne6 Re8 25. Bc5 Qd7 26. Bb3
Bxh3 27. Bd4 Nf3+ 28. gxf3 Rxe6 1-0

[Event "Reykjavik CC GM 2013"]
[Site "Reykjavik ISL"]
[Date "2013.10.05"]
[Round "6"]
[White "Fedorchuk,S"]
[Black "Kjartansson,G"]
[Result "1-0"]
[WhiteElo "2656"]
[BlackElo "2447"]
[EventDate "2013.10.01"]

1. e4 g6 2. d4 d6 3. Nc3 Nf6 4. Be3 c6 5. h3 Bg7 6. Nf3 O-O 7. Bd3 Nbd7 8.
O-O e5 9. a4 Re8 10. Re1 a5 11. Qd2 Qc7 12. Rad1 exd4 13. Nxd4 Nc5 14. Nf3
Ncxe4 15. Bxe4 Nxe4 16. Nxe4 Rxe4 17. Ng5 Re5 18. Bd4 Rxe1+ 19. Rxe1 Be5
20. f4 Bxd4+ 21. Qxd4 Bf5 22. Qf6 Rf8 23. Re7 Qb6+ 24. Kh2 Qf2 25. Qxd6
Qxc2 26. Rxb7 Be4 27. Nxe4 Qxe4 28. b3 h5 29. b4 axb4 30. Rxb4 Qd5 31. Qxd5
cxd5 32. a5 Ra8 33. Rb5 d4 34. Kg1 d3 35. Kf1 Rd8 36. Ke1 d2+ 37. Kd1 Rd4
38. f5 Kg7 39. f6+ Kxf6 40. a6 Ra4 41. Rb6+ Kg5 42. Kxd2 Kf4 43. Kc3 Kg3
44. Kb3 Ra5 45. Kb4 Ra1 46. Rc6 Kxg2 47. h4 Kg3 48. Kb5 Rb1+ 49. Ka5 Ra1+
50. Kb6 Kxh4 51. Rc5 Rxa6+ 52. Kxa6 Kg4 53. Rc4+ Kg5 54. Kb5 h4 55. Rc7 f5
56. Kc4 Kf4 57. Kd3 g5 58. Ke2 Kg3 59. Rc5 h3 60. Kf1 g4 61. Kg1 f4 62. Rf5
h2+ 63. Kh1 f3 64. Ra5 Kh3 65. Ra3 Kg3 66. Rb3 Kh3 67. Ra3 Kg3 68. Ra8 Kh3
69. Rf8 Kg3 70. Rh8 Kf2 71. Rxh2+ Kf1 72. Ra2 g3 73. Ra1+ Kf2 74. Rb1 Ke2
75. Kg1 Ke3 76. Re1+ Kf4 77. Re8 Kf5 78. Rg8 Kf4 79. Kf1 f2 80. Ke2 1-0

[Event "Reykjavik CC GM 2013"]
[Site "Reykjavik ISL"]
[Date "2013.10.06"]
[Round "7"]
[White "Kjartansson,G"]
[Black "Thorfinnsson,Br"]
[Result "1-0"]
[WhiteElo "2447"]
[BlackElo "2483"]
[EventDate "2013.10.01"]

1. Nf3 Nf6 2. c4 g6 3. g3 Bg7 4. Bg2 d5 5. cxd5 Nxd5 6. Nc3 O-O 7. O-O c5
8. Nxd5 Qxd5 9. d3 Nc6 10. Be3 Qd6 11. Rc1 Nd4 12. Nxd4 cxd4 13. Bf4 e5 14.
Bd2 Rd8 15. Ba5 Re8 16. Qa4 Bd7 17. Qc4 Bh6 18. Bc7 Qe7 19. Bxb7 Be6 20.
Qc5 Bxc1 21. Rxc1 Qxc5 22. Rxc5 Rab8 23. Bc6 Rec8 24. Bxb8 Rxb8 25. b3 Rc8
26. b4 Bxa2 27. b5 Be6 28. Rxe5 a6 29. f3 axb5 30. Bxb5 h5 31. Kf2 Kg7 32.
Re4 Rc5 33. Ba4 Rd5 34. Bb3 Rd6 35. Bxe6 fxe6 36. f4 Kf6 37. Re5 Rb6 38.
Rc5 Ra6 39. Kf3 Rb6 40. Re5 Ra6 41. Ke4 Ra4 42. h3 Kf7 43. g4 hxg4 44. hxg4
Kf6 45. Rb5 Ra2 46. g5+ Ke7 47. Rb7+ 1-0

[Event "Reykjavik CC GM 2013"]
[Site "Reykjavik ISL"]
[Date "2013.10.06"]
[Round "7"]
[White "Bjornsson,Si"]
[Black "Fedorchuk,S"]
[Result "0-1"]
[WhiteElo "2395"]
[BlackElo "2656"]
[EventDate "2013.10.01"]

1. e4 c5 2. Nf3 Nc6 3. d4 cxd4 4. Nxd4 Qb6 5. Nb3 Nf6 6. Nc3 e6 7. Bd3 Be7
8. O-O d6 9. Be3 Qc7 10. f4 b6 11. Nd4 Bb7 12. Ncb5 Qd7 13. Qf3 Nb4 14. Qg3
a6 15. Nc3 g6 16. Rae1 b5 17. Rf2 Rc8 18. a3 Nxd3 19. cxd3 Qd8 20. Qh3 h5
21. f5 gxf5 22. exf5 e5 23. Bg5 Ng4 24. Bxe7 Nxf2 25. Qh4 Qxe7 26. f6 Qc7
27. Nf5 Nxd3 28. Rd1 Qc5+ 29. Kf1 e4 0-1

[Event "Reykjavik CC GM 2013"]
[Site "Reykjavik ISL"]
[Date "2013.10.06"]
[Round "7"]
[White "Oleksienko,M"]
[Black "Ziska,H"]
[Result "1/2-1/2"]
[WhiteElo "2608"]
[BlackElo "2485"]
[EventDate "2013.10.01"]

1. d4 Nf6 2. c4 g6 3. Nc3 Bg7 4. e4 d6 5. f3 O-O 6. Nge2 c5 7. d5 e6 8. Ng3
exd5 9. cxd5 h5 10. Bg5 Qb6 11. Qd2 Nh7 12. Bh4 Nd7 13. Be2 Re8 14. Nf1 a6
15. Ne3 Bh6 16. O-O Qb4 17. Bf2 Qd4 18. Qc1 f5 19. Rd1 Qf6 20. Ng4 fxg4 21.
Qxh6 gxf3 22. gxf3 Ne5 23. Be3 Rf8 24. Rf1 Bh3 25. Rf2 b5 26. Kh1 Ra7 27.
Rg1 Rg7 28. Nd1 Qh4 29. Bd2 b4 30. Rg3 Bd7 31. a3 a5 32. Bc1 Ba4 33. Ne3
Qf6 34. Rfg2 Bd7 35. Nc4 h4 36. Nxe5 hxg3 37. Nxd7 Rxd7 38. Rxg3 Rg7 39. a4
1/2-1/2

[Event "Reykjavik CC GM 2013"]
[Site "Reykjavik ISL"]
[Date "2013.10.06"]
[Round "7"]
[White "Bekker Jensen,S"]
[Black "Olafsson,Thorv"]
[Result "1/2-1/2"]
[WhiteElo "2420"]
[BlackElo "2266"]
[EventDate "2013.10.01"]

1. d4 Nf6 2. c4 c5 3. d5 e6 4. Nc3 exd5 5. cxd5 d6 6. e4 g6 7. Nge2 Bg7 8.
Ng3 O-O 9. Be2 b6 10. a4 Na6 11. O-O Nb4 12. Bf4 Ne8 13. Qd2 Qe7 14. Na2
Nxa2 15. Rxa2 Nc7 16. b4 Ba6 17. b5 Bc8 18. Bh6 Bxh6 19. Qxh6 a6 20. bxa6
Bxa6 21. Bxa6 Rxa6 22. Ra3 f6 23. Qe3 Rfa8 24. Rb3 Qe5 25. Rfb1 Rxa4 26.
Rxb6 Ra1 27. f4 Nxd5 28. fxe5 Nxe3 29. exf6 Ng4 30. e5 Nxe5 31. Ne4 Nd7 32.
Rb7 Rxb1+ 33. Rxb1 d5 34. Rb7 dxe4 35. Rxd7 e3 36. Kf1 Ra6 37. Rg7+ Kh8 38.
Rf7 Kg8 39. Rg7+ Kf8 40. Rxh7 Rxf6+ 41. Ke2 Rf2+ 42. Kxe3 Rxg2 43. Rc7 Rc2
44. Kd3 Rxh2 45. Rxc5 Kg7 46. Ke3 Kh6 47. Kf3 Rh5 48. Rc8 Ra5 49. Kg3 Kh5
50. Rc3 g5 1/2-1/2

[Event "Reykjavik CC GM 2013"]
[Site "Reykjavik ISL"]
[Date "2013.10.07"]
[Round "8"]
[White "Ziska,H"]
[Black "Bekker Jensen,S"]
[Result "1/2-1/2"]
[WhiteElo "2485"]
[BlackElo "2420"]
[EventDate "2013.10.01"]

1. e4 c5 2. Nc3 d6 3. f4 g6 4. Nf3 Bg7 5. Bb5+ Bd7 6. Bc4 Nc6 7. O-O e6 8.
d3 Nge7 9. f5 exf5 10. Qe1 Ne5 11. exf5 Bxf5 12. Nxe5 Bxe5 13. Bh6 Qd7 14.
Bg7 O-O-O 15. Bxh8 Rxh8 16. Bxf7 Kb8 17. Kh1 h5 18. Qh4 Bg4 19. Qg5 h4 20.
Rf4 Bxf4 21. Qxf4 Rf8 22. Ne4 Nf5 23. Ng5 Nh6 24. h3 Bh5 25. Rf1 Nf5 26.
Kh2 Qe7 1/2-1/2

[Event "Reykjavik CC GM 2013"]
[Site "Reykjavik ISL"]
[Date "2013.10.07"]
[Round "8"]
[White "Kjartansson,G"]
[Black "Bjornsson,Si"]
[Result "1-0"]
[WhiteElo "2447"]
[BlackElo "2395"]
[EventDate "2013.10.01"]

1. d4 d5 2. c4 e5 3. dxe5 d4 4. Nf3 Nc6 5. Nbd2 Bg4 6. a3 Nge7 7. Nb3 Nf5
8. Bf4 h6 9. h3 Bxf3 10. exf3 g5 11. Bh2 Nh4 12. g3 Ng6 13. f4 Qe7 14. Bd3
O-O-O 15. Qe2 gxf4 16. gxf4 h5 17. Kd1 Bh6 18. Qe4 Rhg8 19. Kc2 Qd7 20.
Rag1 Rde8 21. Nc5 Qxh3 22. Bg3 f5 23. Qxc6 bxc6 24. Rxh3 h4 25. Bxf5+ Kb8
26. Bh2 1-0

[Event "Reykjavik CC GM 2013"]
[Site "Reykjavik ISL"]
[Date "2013.10.08"]
[Round "9"]
[White "Oleksienko,M"]
[Black "Kjartansson,G"]
[Result "1/2-1/2"]
[WhiteElo "2608"]
[BlackElo "2447"]
[EventDate "2013.10.01"]

1. e4 d6 2. d4 Nf6 3. Nc3 g6 4. f4 Bg7 5. Nf3 O-O 6. Bd3 Nc6 7. e5 dxe5 8.
fxe5 Ng4 9. Be4 f6 10. h3 Nh6 11. O-O Nf5 12. Bxc6 bxc6 13. Re1 Rb8 14. b3
fxe5 15. dxe5 Qxd1 16. Rxd1 c5 17. Nd5 Bb7 18. Ba3 e6 19. Nf6+ Bxf6 20.
exf6 Bxf3 21. gxf3 Nd4 22. Bxc5 Nxf3+ 23. Kh1 Rxf6 24. Rd7 Rf5 25. Bxa7
Rbf8 26. Rf1 c5 27. a4 Ne5 28. Rxf5 Nxd7 29. Rxf8+ Kxf8 30. c3 Ke7 31. b4
Kd6 32. Bxc5+ Nxc5 33. bxc5+ Kxc5 34. h4 h6 35. Kg2 g5 36. hxg5 hxg5 37.
Kf3 e5 38. Ke3 g4 39. Ke4 Kc4 40. Ke3 Kc5 41. Ke4 Kc4 42. Ke3 Kc5 43. Ke4
Kc4 1/2-1/2

[Event "Reykjavik CC GM 2013"]
[Site "Reykjavik ISL"]
[Date "2013.10.08"]
[Round "9"]
[White "Bekker Jensen,S"]
[Black "Fedorchuk,S"]
[Result "0-1"]
[WhiteElo "2420"]
[BlackElo "2656"]
[EventDate "2013.10.01"]

1. d4 Nf6 2. c4 e6 3. Nc3 Bb4 4. e3 O-O 5. Nge2 c6 6. a3 Ba5 7. Ng3 d5 8.
Qc2 Nbd7 9. Be2 dxc4 10. Bxc4 e5 11. dxe5 Nxe5 12. Be2 h5 13. O-O h4 14.
Nf5 h3 15. Rd1 Qc7 16. f4 Ng6 17. g3 Rd8 18. Bd2 Ne7 19. Nb5 Rxd2 20. Qxd2
cxb5 21. Nxe7+ Qxe7 22. Qxa5 Qxe3+ 23. Kf1 Bg4 24. Bxg4 Nxg4 25. Rd2 Re8
26. Qxb5 Nxh2+ 27. Rxh2 Qf3+ 28. Kg1 Qxg3+ 29. Kf1 Re4 30. Rc2 Rxf4+ 31.
Ke2 Rf2+ 0-1